[Event "45th Olympiad 2024"]
[Site "Budapest HUN"]
[Date "2024.09.16"]
[Round "6.69"]
[Board "4"]
[White "Shiferaw, Yalemzewde Mekonnen"]
[Black "Mtsetfwa Philani"]
[Result "1/2-1/2"]
[WhiteElo "2025"]
[BlackElo "1688"]
[PlyCount "117"]
[EventDate "2024.09.11"]
[WhiteTeam "Ethiopia"]
[BlackTeam "Eswatini"]
[WhiteTeamCountry "ETH"]

1. c4 e5 2. g3 Nf6 3. Bg2 Bc5 4. Nf3 d6 5. Nc3 O-O 6. O-O Nc6 7. Na4 Be6 ({RR} 7... e4 8. Ng5 Bf5 9. Nxc5 dxc5 10. b3 h6 11. Nh3 Qd7 12. Nf4 Rad8 13. Bb2 Nd4 14. d3 exd3 15. exd3 Bg4 16. Qd2 Rfe8 17. Rfe1 c6 18. h3 Bf5 19. g4 Bh7 20. Rxe8+ Nxe8 21. Re1 Nc7 22. Nh5 {0-1 Van Wely,L (2654)-Movsesian,S (2672) Wch Blitz 8th 2014 (11)}) ({RR} 7... Bb6 8. Nxb6 axb6 9. b3 Ne7 10. d4 exd4 11. Nxd4 c5 12. Nb5 d5 13. cxd5 Nexd5 14. Bg5 h6 15. Bxd5 Qxd5 16. Bxf6 Qc6 17. Bxg7 Bh3 18. f3 Kxg7 19. Nc3 Bxf1 20. Kxf1 Rad8 21. Qc2 Rfe8 22. Ne4 {1-0 Basener,W (1819)-Scheugenpflug,K (1682) 12th Int Senioren-Cup 2024 (3.81)}) 8. Nxc5 dxc5 9. b3 e4 10. Ng5 $146 ({RR} 10. Ne1 Qd7 11. Bb2 Nd4 12. e3 Bg4 13. f3 exf3 14. Nxf3 Nc6 15. d4 Qe7 16. Qc1 Nd7 17. d5 Nce5 18. Nxe5 Nxe5 19. Qc3 f6 20. e4 b6 21. h3 Bd7 22. Qd2 Rae8 23. Rad1 Nf7 24. h4 Bg4 {1-0 Khulan,E (1918)-Rishabh,N (1917) World Amateur-ch U2000 2016 (6)}) 10... Bf5 11. Bb2 Re8 12. h4 Qd7 13. f3 exf3 14. exf3 Nd4 15. Kh2 Bd3 16. Re1 Nc2 17. Ne4 Nxe4 18. fxe4 Nxe1 19. Qxe1 f5 20. e5 Be4 21. Bh3 Rad8 22. Bc3 Qd3 23. Qf2 b6 24. Re1 Qc2 25. g4 Rd3 26. Re3 Rxe3 27. Qxe3 fxg4 28. Bxg4 Bf5 29. Bf3 Qd3 30. Qf4 Be6 31. Be4 Qe2+ 32. Kg1 Qg4+ 33. Qxg4 Bxg4 34. Bc6 Re7 35. Kg2 Bf5 36. Kf3 Kf7 37. Kf4 Be6 38. d3 Kf8 39. b4 Rf7+ 40. Ke3 Rf1 41. bxc5 bxc5 42. Ba5 Rf7 43. a3 g6 44. Bc3 h6 45. Be4 g5 46. Bg6 Rg7 47. h5 Bf7 48. Bf5 Bxh5 49. e6 Re7 50. Bf6 Re8 51. Ke4 g4 52. Bh4 Kg7 53. Ke5 Bg6 54. Bf6+ Kh7 55. Bxg4 Bxd3 56. Bh5 Bg6 57. Bf3 Bf7 58. e7 Kg6 59. Be4+ 1/2-1/2

[Event "45th Olympiad 2024"]
[Site "Budapest HUN"]
[Date "2024.09.16"]
[Round "6.70"]
[Board "1"]
[White "Fancy, Stuart"]
[Black "Mafaaz Khalid"]
[Result "0-1"]
[WhiteElo "1921"]
[BlackElo "2069"]
[PlyCount "70"]
[EventDate "2024.09.11"]
[WhiteTeam "Papua New Guinea"]
[BlackTeam "Pakistan"]
[WhiteTeamCountry "PNG"]
[BlackTeamCountry "PAK"]

1. e4 e5 2. Nf3 Nc6 3. Bc4 Nf6 4. d4 exd4 5. O-O Nxe4 6. Re1 d5 7. Bxd5 Qxd5 8. Nc3 Qa5 9. Nxe4 Be6 10. Bd2 Qd5 11. Bg5 Bd6 12. Bf6 O-O 13. Nxd4 Nxd4 14. Qxd4 Qxd4 15. Bxd4 Rfd8 16. Nxd6 Rxd6 17. Bc3 ({RR} 17. c3 Rad8 18. h3 f6 19. b4 Kf7 20. a4 a5 21. bxa5 Ra6 22. Rab1 Rb8 23. Rb5 Bd7 24. Rc5 Bc6 25. Be3 Ke7 26. Rd1 g5 27. Bd4 Rba8 28. Rf5 Be4 29. Rc5 Bc6 30. Rf5 Bxa4 31. Ra1 Bd7 {½-½ Pap,M (2382)-Rohith,K (2410) FSGM March 2024 (6.2)}) 17... b6 $146 ({RR} 17... Rad8 18. f3 h6 19. Kf2 Kh7 20. a3 R8d7 21. Re5 Rd1 22. Rxd1 Rxd1 23. Re1 Rd5 24. Re5 Rd1 25. Re1 Rd5 26. Re5 {½-½ Mareckova,M (2080)-Olsarova,T (2267) London Classic (Women) 2012 (1)}) 18. a3 Rad8 19. f3 h6 20. Kf2 a5 21. Re2 a4 22. g4 Rd5 23. Be5 R8d7 24. Bf4 Rb5 25. c3 Bc4 26. Rc2 g5 27. Be3 f5 28. Re1 Rbd5 29. Bc1 f4 30. h4 Kf7 31. hxg5 hxg5 32. Rh1 Kg6 33. Rh8 Rd1 34. Bxf4 gxf4 35. Rf8 Bd3 0-1

[Event "45th Olympiad 2024"]
[Site "Budapest HUN"]
[Date "2024.09.16"]
[Round "6.70"]
[Board "2"]
[White "Amer Karim"]
[Black "McCoy, Tom"]
[Result "1-0"]
[WhiteElo "2081"]
[BlackElo "1883"]
[PlyCount "51"]
[EventDate "2024.09.11"]
[WhiteTeam "Pakistan"]
[BlackTeam "Papua New Guinea"]
[WhiteTeamCountry "PAK"]
[BlackTeamCountry "PNG"]

1. d4 e6 2. c4 d5 3. Nc3 a6 4. cxd5 exd5 5. Bf4 c6 6. e3 Bd6 7. Bg3 Ne7 8. Bd3 Bf5 9. Nf3 Bg4 $146 ({RR} 9... Bxd3 10. Qxd3 O-O 11. O-O Bxg3 12. hxg3 Nd7 13. b4 Nf6 14. a4 Ne8 15. b5 Nd6 16. bxc6 bxc6 17. Rfc1 a5 18. Ne2 f6 19. Nf4 Qd7 20. Qc2 Rfc8 21. Nd3 Ne4 22. Nd2 Nxd2 23. Qxd2 Nf5 24. Nc5 {1-0 Niemann,H (2733)-Nakamura,H (2802) SpeedChess Final 2024 (2.30)}) ({RR} 9... O-O 10. a4 a5 11. O-O Na6 12. Ne5 Nb4 13. Bxf5 Nxf5 14. Nd3 Nxd3 15. Qxd3 g6 16. Bxd6 Nxd6 17. Rab1 Qe7 18. b4 axb4 19. Rxb4 h5 20. Rfb1 Kg7 21. Ne2 Ra5 22. h3 Rfa8 23. Nc3 R5a7 24. R4b3 {½-½ Sredojevic,I (2355)-To,N (2315) Budapest FS12 IM 2016 (2)}) ({RR} 9... Bxg3 10. hxg3 Nd7 11. Qc2 Bxd3 12. Qxd3 Qb6 13. O-O-O h6 14. e4 O-O-O 15. exd5 Nxd5 16. Nxd5 cxd5 17. Rhe1 Rhe8 18. Qf5 Qc6+ 19. Kb1 Qg6 20. Nh4 Qxf5+ 21. Nxf5 Rxe1 22. Rxe1 Nf6 23. Nxg7 Ne4 24. Re2 {1-0 Plat,V (2520)-Londyn,R (2431) Prague Opocensky Memorial 2017 (9)}) 10. O-O O-O 11. Bxh7+ Kh8 12. Bd3 Qc7 13. Rc1 Nd7 14. b4 Nf5 15. Nxd5 Qb8 16. Bxf5 Bxf5 17. Nf4 Nf6 18. Nh4 Bh7 19. Nh5 Ne4 20. Qg4 g5 21. Nf5 Qc8 22. Qxe4 Bxf5 23. Qf3 Be7 24. h3 g4 25. Qf4 Kh7 26. Qe5 1-0

[Event "45th Olympiad 2024"]
[Site "Budapest HUN"]
[Date "2024.09.16"]
[Round "6.70"]
[Board "3"]
[White "Jones, Rupert"]
[Black "Momin Fayzan"]
[Result "1/2-1/2"]
[WhiteElo "1849"]
[BlackElo "2064"]
[PlyCount "67"]
[EventDate "2024.09.11"]
[WhiteTeam "Papua New Guinea"]
[BlackTeam "Pakistan"]
[WhiteTeamCountry "PNG"]
[BlackTeamCountry "PAK"]

1. e4 {Ipatov,Alexander} c5 2. Nf3 d6 3. d4 cxd4 4. Nxd4 Nf6 5. Nc3 a6 6. Qf3 g6 7. h3 Bg7 8. Bc4 ({RR} 8. Be3 Nc6 9. O-O-O Bd7 10. Nxc6 bxc6 11. e5 dxe5 12. Bc4 O-O 13. Bc5 Rb8 14. Bb3 a5 15. Rhe1 e4 16. Qg3 Re8 17. a4 Qc8 18. Nxe4 Nxe4 19. Rxe4 Be6 20. Rxe6 fxe6 21. h4 Rd8 22. Rxd8+ Qxd8 {½-½ Bauer,C (2624)-Navara,D (2751) FRA-chT Top 12 2015 (3.2)}) ({RR} 8. Be3 O-O 9. O-O-O Nc6 10. g4 Bd7 11. Nxc6 Bxc6 12. Bd4 Rc8 13. Qe3 Qc7 14. Bd3 b5 15. g5 Nh5 16. Bxg7 Kxg7 17. Be2 b4 18. Qd4+ Kg8 19. Qxb4 Nf4 20. Bg4 Rb8 21. Qc4 Qb7 22. b3 Bd7 {1-0 Bauer,C (2558)-Decuigniere,T (2401) 20th Vandoeuvre Open 2024 (9.2)}) 8... Nbd7 9. Bb3 Nc5 $146 ({RR} 9... O-O 10. Be3 Qc7 11. Qg3 b5 12. O-O Bb7 13. Qh4 Nc5 14. Nd5 Qd8 15. Bh6 Nxb3 16. axb3 Nxd5 17. Bxg7 Kxg7 18. exd5 e5 19. Qxd8 Rfxd8 20. Nc6 Bxc6 21. dxc6 Rdc8 22. Rfd1 Rxc6 23. c3 Kf6 24. Rd5 {0-1 Gregory,S (2124)-Briscoe,C (2220) Hastings Masters op 87th 2011 (9)}) 10. Be3 e5 11. Nde2 Nxb3 12. axb3 Be6 13. Rd1 h6 14. O-O Rc8 15. Rd2 Rc6 16. Nd5 Bxd5 17. exd5 Rc8 18. Nc3 O-O 19. Qe2 Re8 20. f3 Nh5 21. Qf2 Nf4 22. Kh2 Kh7 23. Bb6 Qd7 24. Be3 Rg8 25. Na4 Qe7 26. Nb6 Rcd8 27. c4 g5 28. b4 e4 29. fxe4 Qxe4 30. Qf3 Rge8 31. Bg1 Kg6 32. g3 Qxf3 33. Rxf3 Nh5 34. c5 1/2-1/2

[Event "45th Olympiad 2024"]
[Site "Budapest HUN"]
[Date "2024.09.16"]
[Round "6.71"]
[Board "1"]
[White "Solomon, Joshua"]
[Black "Asabri, Hussien"]
[Result "0-1"]
[WhiteElo "1587"]
[BlackElo "2196"]
[PlyCount "72"]
[EventDate "2024.09.11"]
[WhiteTeam "Antigua and Barbuda"]
[BlackTeam "Libya"]
[BlackTeamCountry "LBY"]

1. d4 Nf6 2. c4 c5 3. d5 d6 4. Nc3 g6 5. Nf3 Bg7 6. e4 O-O 7. Be2 e6 8. O-O exd5 9. cxd5 a6 10. a4 Re8 11. Qc2 Nbd7 12. Bf4 ({RR} 12. Bg5 h6 13. Bh4 Qc7 14. Nd2 Nh7 15. f4 g5 16. Bg3 gxf4 17. Bxf4 Ne5 18. Nc4 Nxc4 19. Bxc4 Nf8 20. Qf2 Ng6 21. Bxd6 Qd7 22. Bxc5 Bxc3 23. bxc3 Rxe4 24. Bd4 {1-0 Valerga,D (2451)-Gaitan,J (2351) ARG-chT Villa Martelli 2017 (6.1)}) 12... Qe7 ({RR} 12... Ne5 13. Nxe5 dxe5 14. Be3 b6 15. a5 bxa5 16. Na4 Bd7 17. Nxc5 Bb5 18. Bxb5 axb5 19. Nb7 Qd7 20. Nxa5 Bf8 21. Nc6 Rac8 22. Qd3 Rxc6 23. Qxb5 Rc7 24. Qd3 Rb7 25. Ra6 Bg7 26. b3 Reb8 27. Rb1 {1-0 Putri,R (1863)-Ansh,M (2171) Titled Tue 25th Apr Early 2023 (7)}) 13. Rfe1 Nh5 14. Bg5 Bf6 $146 ({RR} 14... Qf8 15. Nd2 h6 16. Be3 Nhf6 17. Nc4 g5 18. a5 Rb8 19. Ra3 Qe7 20. Bd2 Ne5 21. Rb3 Nxc4 22. Bxc4 Ng4 23. Bxa6 Bd4 24. Nd1 Qe5 25. g3 Qf6 26. Be3 Ne5 27. Be2 Bh3 28. f3 Rec8 29. Nf2 {0-1 Maia,M (2190)-Chaves,J (2105) Silvio Mendes Memorial 2004 (8)}) ({RR} 14... Qf8 15. Nd2 h6 16. Be3 Ne5 17. h3 f5 18. f4 Nf7 19. Bxh5 gxh5 20. exf5 Nh8 21. Bf2 Bxf5 22. Qb3 Ng6 23. Rxe8 Rxe8 24. Qc4 Bd7 25. Rf1 h4 26. Nde4 b5 27. axb5 axb5 28. Qd3 Nxf4 29. Qd2 {0-1 Gelzenleichter,S (2154)-Schaefers,A (1888) Moehnesee Cup-A 2005 (1)}) 15. Bh6 Ne5 16. Nxe5 Qxe5 17. Qd2 Bd7 18. Kh1 Rab8 19. f4 Qd4 20. Qc2 Qf2 21. Rf1 Qh4 22. Qd3 b5 23. Qf3 b4 24. Nd1 Rxe4 25. Rf2 Rxe2 26. Rxe2 Bg4 27. Qe3 Bxe2 28. g3 Qg4 29. Nf2 Qf3+ 30. Qxf3 Bxf3+ 31. Kg1 Bxb2 32. Re1 Bd4 33. Kf1 b3 34. g4 Nf6 35. g5 Nxd5 36. f5 Ne3+ 0-1

[Event "45th Olympiad 2024"]
[Site "Budapest HUN"]
[Date "2024.09.16"]
[Round "6.71"]
[Board "2"]
[White "Alhassadi, Yousef A."]
[Black "Matthew Bailey"]
[Result "1-0"]
[WhiteElo "2082"]
[BlackElo "1548"]
[PlyCount "51"]
[EventDate "2024.09.11"]
[WhiteTeam "Libya"]
[BlackTeam "Antigua and Barbuda"]
[WhiteTeamCountry "LBY"]

1. e4 c6 2. Nf3 d5 3. exd5 cxd5 4. Ne5 Nc6 5. Bb5 Bd7 6. Bxc6 bxc6 7. d4 Nf6 8. O-O e6 9. Bg5 Be7 10. Nc3 $146 ({RR} 10. Nd2 O-O 11. Nb3 Qc7 12. Re1 Be8 13. Bxf6 Bxf6 14. Qg4 Rb8 15. Rab1 Be7 16. Re3 c5 17. Nxc5 Bxc5 18. dxc5 Qxc5 19. Rg3 g6 20. c3 Qe7 21. Qf4 f6 22. Nd3 e5 23. Qe3 Bf7 24. f4 e4 {1-0 Apaydin,F (2305)-Atakhan,A (2357) Caissa Asli Gp-A 2022 (4)}) ({RR} 10. Nd2 c5 11. dxc5 Bb5 12. c4 dxc4 13. a4 Ba6 14. Nc6 Qc7 15. Nxe7 Kxe7 16. Ne4 Rhd8 17. Qf3 Qe5 18. Rfe1 Bb7 19. c6 Bxc6 20. Qa3+ Rd6 21. Rad1 Bxe4 22. f4 Qd5 23. Rxd5 exd5 24. f5 Kd7 {1-0 Dolzhykova,K (2259)-Peglau,C (2054) Int Open ch-GER Women 2024 (6.6)}) ({RR} 10. Nd2 O-O 11. Nb3 h6 12. Bh4 Qc7 13. f4 Rfe8 14. c3 Kf8 15. Bxf6 Bxf6 16. Qh5 Re7 17. g4 Bxe5 18. fxe5 Kg8 19. Rf3 Be8 20. Qh4 f6 21. exf6 Rf7 22. Raf1 g6 23. Qxh6 Rh7 24. Qf4 {1-0 Salama,A (1927)-Cirilo,G (1799) Sao Paulo Hebraica 5th 2008 (6)}) ({RR} 10. Nd2 O-O 11. Nb3 Ne4 12. Bxe7 Qxe7 13. f3 Nd6 14. Nc5 Be8 15. Re1 Nb7 16. Ned3 Nxc5 17. Nxc5 Qd6 18. Qd2 Bd7 19. Re2 Rfe8 20. Rae1 Rab8 21. b3 Re7 22. Qa5 Bc8 23. a4 g6 24. g3 Qc7 {0-1 Ravichandran,S (2372)-Roy,P (2238) IND-chB 51st 2013 (12)}) 10... O-O 11. Na4 Ne4 12. Bxe7 Qxe7 13. f3 Nd6 14. Re1 f6 15. Nxd7 Qxd7 16. Nc5 Qf7 17. Rxe6 Rad8 18. Qd3 Qh5 19. Rae1 Qh4 20. R6e2 Rb8 21. Nd7 Rbe8 22. Nxf8 Rxf8 23. c3 f5 24. Qa6 f4 25. Qxc6 Qd8 26. Qxd5+ 1-0

[Event "45th Olympiad 2024"]
[Site "Budapest HUN"]
[Date "2024.09.16"]
[Round "6.71"]
[Board "3"]
[White "Farquhar, Abner"]
[Black "Naser Eldean, Ahmed"]
[Result "0-1"]
[WhiteElo "1678"]
[BlackElo "1981"]
[PlyCount "174"]
[EventDate "2024.09.11"]
[WhiteTeam "Antigua and Barbuda"]
[BlackTeam "Libya"]
[BlackTeamCountry "LBY"]

1. d4 Nf6 2. Nf3 g6 3. Nc3 d5 4. Bf4 Bg7 5. e3 O-O 6. Be2 c5 7. O-O cxd4 8. exd4 Nc6 9. Ne5 Qb6 10. Nxc6 Qxc6 11. Be5 ({RR} 11. Bb5 Qb6 12. a4 a6 13. a5 Qd8 14. Be2 Bf5 15. Be5 Rc8 16. Ra3 Ne4 17. Bxg7 Nxc3 18. Rxc3 Kxg7 19. Rxc8 Qxc8 20. Bd3 Bxd3 21. Qxd3 Qc7 22. Ra1 Rd8 23. c3 Rd6 24. g3 Rc6 25. Kg2 h5 {½-½ Ortega,L (2429)-Banikas,H (2588) ITA-chT Final 53rd 2022 (1.2)}) 11... Bf5 12. Qd2 $146 ({RR} 12. Bd3 Bxd3 13. Qxd3 Rac8 14. a4 Ne4 15. Bxg7 Kxg7 16. Ra3 Nxc3 17. bxc3 b6 18. Rb1 Qd6 19. Rbb3 Rc4 20. Ra1 Rfc8 21. g3 Qc6 22. a5 Rxc3 23. Qe2 Rxc2 24. Qe5+ Qf6 25. Qxf6+ Kxf6 26. axb6 axb6 {0-1 Bareev,E (2634)-Polgar,J (2680) Wch Blitz 4th 2009 (7)}) ({RR} 12. Bf3 Rfd8 13. Re1 b5 14. a3 a5 15. Qe2 b4 16. axb4 axb4 17. Rxa8 Rxa8 18. Nxd5 Nxd5 19. Bxg7 Kxg7 20. Qe5+ f6 21. Qxd5 Qxd5 22. Bxd5 Rd8 23. Be4 Rxd4 24. Bxf5 gxf5 25. Rxe7+ Kf8 26. Re1 Rd2 {½-½ Kazakov,K (2302)-Ibrayev,G (2196) KAZ-ch qual Astana 2012 (3)}) ({RR} 12. Bf3 Rfd8 13. Rc1 Rac8 14. Qd2 Ne4 15. Bxe4 dxe4 16. Bxg7 Kxg7 17. Ne2 e5 18. c3 Bg4 19. Qe3 Bxe2 20. Qxe2 exd4 21. cxd4 Qxc1 {0-1 Eljanov,P (2597)-Shipov,S (2589) RUS-UKR m g/3 blitz 2003 (14)}) 12... a6 13. a4 Rfd8 14. Rac1 Rac8 15. Rfd1 Qb6 16. b3 Qc6 17. Bxf6 Qxf6 18. Nb1 Qh4 19. g3 Qf6 20. c3 h5 21. Bd3 Bg4 22. Be2 Be6 23. Qe3 Kh7 24. f4 Bh6 25. Rc2 Rc6 26. b4 Bf5 27. Bd3 Rdc8 28. Bxf5 Qxf5 29. Qd3 Qf6 30. Nd2 Qf5 31. Nf3 Qxd3 32. Rxd3 f6 33. Nd2 Bf8 34. Nb1 Rc4 35. Re2 Kg7 36. Re6 R8c6 37. Rxc6 Rxc6 38. Kf1 e6 39. Nd2 Kf7 40. Ke2 a5 41. b5 Rc8 42. Rf3 b6 43. Kd3 Bd6 44. Rf1 Kg7 45. Re1 Kf7 46. Rc1 Ba3 47. Rc2 h4 48. c4 Bb4 49. cxd5 Rxc2 50. Kxc2 exd5 51. Nf3 hxg3 52. hxg3 Ke6 53. Nh4 Kf7 54. Ng2 Bd6 55. g4 Bc7 56. Ne3 Ke6 57. f5+ gxf5 58. gxf5+ Kd6 59. Kd3 Bd8 60. Ke2 Be7 61. Kf3 Bf8 62. Ng4 Kd7 63. Nxf6+ Kd6 64. Ng4 Bg7 65. f6 Bf8 66. Kf4 Ke6 67. Kg5 Bb4 68. Kg6 Bd6 69. Kg7 Kf5 70. Ne5 Ke4 71. Nc6 Kd3 72. f7 Kc3 73. f8=Q Bxf8+ 74. Kxf8 Kb3 75. Ke7 Kxa4 76. Na7 Kb3 77. Nc8 a4 78. Nxb6 a3 79. Nxd5 a2 80. Nc7 a1=Q 81. d5 Qa7 82. d6 Kc4 83. Kd8 Kc5 84. Kc8 Kxd6 85. Ne8+ Kc5 86. Kd8 Kxb5 87. Nd6+ Kc6 0-1

[Event "45th Olympiad 2024"]
[Site "Budapest HUN"]
[Date "2024.09.16"]
[Round "6.71"]
[Board "4"]
[White "Elshaafi, Ali"]
[Black "Solomon, Jonathan"]
[Result "1-0"]
[WhiteElo "1984"]
[BlackElo "1536"]
[PlyCount "97"]
[EventDate "2024.09.11"]
[WhiteTeam "Libya"]
[BlackTeam "Antigua and Barbuda"]
[WhiteTeamCountry "LBY"]

1. e4 c6 2. d4 d5 3. exd5 cxd5 4. Bd3 Nf6 5. h3 e6 6. Nf3 Nc6 7. c3 Be7 8. O-O O-O 9. Re1 ({RR} 9. Bf4 b6 10. Re1 Bb7 11. Nbd2 a5 12. a4 Ba6 13. Bc2 Rc8 14. Ne5 Nd7 15. Ndf3 Ndxe5 16. dxe5 g6 17. Bh6 Re8 18. Qd2 f5 19. exf6 Bxf6 20. Ng5 Ne5 21. Qf4 Bd3 22. Rxe5 Bxc2 23. Rxe6 Rxe6 {1-0 Ulybin,M (2521)-Kantorik,M (2320) Zagreb op-A 2011 (1)}) 9... b6 10. Bg5 $146 ({RR} 10. Nbd2 Bb7 11. Nf1 Rc8 12. Bg5 Ne4 13. Bxe7 Nxe7 14. N1d2 f5 15. Ne5 Rf6 16. Ndf3 Rc7 17. Qa4 Nc8 18. Bb5 Ncd6 19. Nc6 Qa8 20. Nfe5 Nxb5 21. Qxb5 Bxc6 {0-1 Rouleau,P-Latendresse,S (2065) Montreal op1 2003 (2)}) ({RR} 10. Nbd2 Bb7 11. Nf1 h6 12. Ng3 Rc8 13. Bf4 Na5 14. Ne5 Nc4 15. Qe2 b5 16. Rad1 a6 17. a3 Nd6 18. Bb1 Nde4 19. Nh5 Bd6 20. Bh2 Bxe5 21. dxe5 Nxh5 22. Qxh5 Qg5 23. Qe2 Rc4 24. Bd3 Rcc8 {1-0 Ternault,M (2320)-Kekic,A (2138) Titled Tue 7th May Early 2024 (2)}) ({RR} 10. Ne5 Bb7 11. Bf4 Rc8 12. Nd2 a6 13. Re3 b5 14. a3 Na5 15. Rg3 Kh8 16. Bg5 Nc4 17. Bxf6 Bxf6 18. Qh5 h6 19. Bxc4 Bxe5 20. Qxe5 f6 21. Qxe6 dxc4 22. Qg4 Qc7 23. Re3 Rce8 24. Rae1 Bc6 {1-0 Karamichos,M (1839)-Athanasiou,S (1352) GRE-ch Schools Gym-C 2022 (4)}) 10... a5 11. Nbd2 Ba6 12. Bb1 Rc8 13. Qc2 Nb4 14. Qd1 Nd3 15. Re3 Nxb2 16. Qc2 Nd3 17. Bxf6 Bxf6 18. a4 g6 19. Rxd3 Bxd3 20. Qxd3 Qc7 21. Ra3 Rfd8 22. Qe3 Bg7 23. Bd3 Rd6 24. Ba6 Ra8 25. Bb5 Rc8 26. h4 Qe7 27. h5 Qf8 28. hxg6 hxg6 29. Ne5 Rdd8 30. Rb3 Qd6 31. f4 Rc7 32. Qh3 Bxe5 33. fxe5 Qe7 34. Qh6 Qf8 35. Qg5 Qe7 36. Qxe7 Rxe7 37. Ba6 Rb8 38. c4 dxc4 39. Nxc4 Rd7 40. Nd6 Rc7 41. Bc4 Kg7 42. Kf2 Kf8 43. Rh3 Kg7 44. Ke2 Rd8 45. Kd2 Rxd6 46. exd6 Rxc4 47. d7 Rxa4 48. d8=Q Ra2+ 49. Kc1 1-0

[Event "45th Olympiad 2024"]
[Site "Budapest HUN"]
[Date "2024.09.16"]
[Round "6.72"]
[Board "1"]
[White "Celis, Joel"]
[Black "Colindres, Daniel"]
[Result "0-1"]
[WhiteElo "1929"]
[BlackElo "2079"]
[PlyCount "78"]
[EventDate "2024.09.11"]
[WhiteTeam "Macau, China"]
[BlackTeam "Honduras"]
[BlackTeamCountry "HON"]

1. e4 Nf6 2. e5 Nd5 3. d4 d6 4. exd6 cxd6 5. c4 Nb6 6. Nf3 g6 7. Nc3 Bg7 8. h3 O-O 9. Bg5 Nc6 10. Qd2 d5 11. c5 Nc4 12. Bxc4 dxc4 13. Rd1 Bf5 14. O-O Bd3 15. Rfe1 $146 ({RR} 15. Ne2 f6 16. Be3 e5 17. dxe5 fxe5 18. Ne1 e4 19. Qc1 Kh8 20. Nxd3 cxd3 21. Nc3 Nd4 22. Bh6 Rc8 23. Bxg7+ Kxg7 24. Qe3 Nf3+ 25. gxf3 exf3 26. Rxd3 Qc7 27. Rfd1 Rf7 28. Ne4 Re8 29. Qd4+ Kh6 {1-0 Perez Mitjans,O (2455)-Barrenechea Bahamonde,G (2116) Seville op 41st 2016 (8.8)}) 15... Nxd4 16. Bxe7 Nxf3+ 17. gxf3 Qd7 18. Bxf8 Rxf8 19. Kg2 Qf5 20. Ne4 Be5 21. Qh6 Bg7 22. Qh4 Bxb2 23. Nd6 Qxc5 24. Qf4 b5 25. Re8 Qd5 26. Rde1 g5 27. R8e5 Bxe5 28. Qxg5+ Bg6 29. Qxe5 Qxe5 30. Rxe5 a6 31. a4 Rd8 32. Nb7 Rd7 33. Nc5 Rd6 34. axb5 axb5 35. Re8+ Kg7 36. Rb8 Rd5 37. Ne4 Bxe4 38. fxe4 Rc5 39. Kf1 c3 0-1

[Event "45th Olympiad 2024"]
[Site "Budapest HUN"]
[Date "2024.09.16"]
[Round "6.72"]
[Board "2"]
[White "Gavarrete, Joel"]
[Black "Mak, Tong Kuan"]
[Result "0-1"]
[WhiteElo "2059"]
[BlackElo "1902"]
[PlyCount "86"]
[EventDate "2024.09.11"]
[WhiteTeam "Honduras"]
[BlackTeam "Macau, China"]
[WhiteTeamCountry "HON"]

1. e4 c6 2. d4 d5 3. exd5 cxd5 4. Bd3 Nf6 5. c3 Nc6 6. Bf4 Bg4 7. Qb3 Qd7 8. Nd2 e6 9. Ngf3 a6 10. Ne5 Nxe5 11. dxe5 Ng8 12. c4 ({RR} 12. Be3 Ne7 13. Bc5 Nc6 14. Bxf8 Kxf8 15. f4 Bh5 16. O-O Bg6 17. Qc2 Rc8 18. Qb1 Bxd3 19. Qxd3 g6 20. Ne4 Rc7 21. Nd6 f5 22. Rac1 Ne7 23. c4 dxc4 24. Rxc4 Rxc4 25. Qxc4 Kg7 26. Rc1 Nd5 {½-½ Nicolussi,H (1857)-Ladner,P (1991) Bodensee Open 2024 (4.22)}) 12... Bc5 13. cxd5 exd5 14. O-O $146 ({RR} 14. h3 Be6 15. O-O Ne7 16. Bg3 Nf5 17. Bxf5 Bxf5 18. Nf3 Be6 19. Rad1 h6 20. Nd4 O-O 21. Bf4 Rac8 22. Rd2 Rc7 23. Rfd1 Rd8 24. Qg3 Kh8 25. Be3 Bb4 26. Rd3 Rc4 27. a3 Be7 28. f4 g6 {1-0 Heim-Al Ostath,M Baden-Baden op 1987 (7)}) 14... Ne7 15. Kh1 Rc8 16. Bg5 O-O 17. f3 Be6 18. f4 Nf5 19. Nf3 Ne3 20. Qc3 Nxf1 21. Rxf1 h6 22. Bh4 Bf5 23. Qc2 Bxd3 24. Qxd3 Qb5 25. Qb1 Be3 26. Be7 Rfe8 27. Bd6 Qxf1+ 28. Qxf1 Rc1 29. Qxc1 Bxc1 30. g3 Bxb2 31. Nh4 Rc8 32. Kg2 d4 33. Kf3 Rc2 34. Nf5 Rxh2 35. Ne7+ Kh7 36. Ke4 Re2+ 37. Kd3 Re3+ 38. Kc2 Bc3 39. f5 Rxg3 40. e6 Rg2+ 41. Kd3 fxe6 42. fxe6 Rd2+ 43. Kc4 Re2 0-1

[Event "45th Olympiad 2024"]
[Site "Budapest HUN"]
[Date "2024.09.16"]
[Round "6.72"]
[Board "3"]
[White "Wong, Kai Meng"]
[Black "Soliz Gabarrete, Luis Fernando"]
[Result "0-1"]
[WhiteElo "1795"]
[BlackElo "1920"]
[PlyCount "104"]
[EventDate "2024.09.11"]
[WhiteTeam "Macau, China"]
[BlackTeam "Honduras"]
[BlackTeamCountry "HON"]

1. d4 d5 2. c4 e6 3. a3 Nf6 4. Nf3 c6 5. e3 Nbd7 6. Nc3 Bd6 7. Bd3 O-O 8. O-O dxc4 9. Bxc4 b5 ({RR} 9... e5 10. e4 exd4 11. Qxd4 Qc7 12. Bg5 Ne5 13. Bxf6 gxf6 14. Kh1 c5 15. Qd5 Be6 16. Nxe5 Bxd5 17. Nxd5 Qc8 18. Nxf6+ Kh8 19. Nxf7+ Rxf7 20. Bxf7 Qf8 21. Ne8 Be5 22. Bh5 Qh6 23. g4 Qf4 24. Kg2 {0-1 Shengelia,D (2567)-Sargissian,G (2675) Dubai op 12th 2010 (9)}) ({RR} 9... Qe7 10. e4 e5 11. Bg5 exd4 12. Qxd4 Ne5 13. Nxe5 Bxe5 14. Qd3 Bxh2+ 15. Kh1 Be5 16. f4 Bxc3 17. Qxc3 h6 18. Bh4 Qxe4 19. Bxf6 gxf6 20. Bd3 Qd5 21. f5 Rd8 22. Rf3 Qe5 23. Qb4 Rd4 24. Qc3 {0-1 Kim,S (2295)-Rom,J (2202) Titled Tue 9th May Early 2023 (5)}) ({RR} 9... e5 10. Ng5 Qe7 11. f4 exd4 12. exd4 Nb6 13. Re1 Qc7 14. Bxf7+ Rxf7 15. Nxf7 Qxf7 16. a4 Bg4 17. Qd3 Rd8 18. h3 Be6 19. a5 Bc4 20. Qc2 Bb3 21. Qd3 Nbd7 22. Nb1 Nc5 23. Qf3 Bd5 24. Qf1 {0-1 Wong,K (1712)-Oliveira,J (2256) Universiad Men 26th 2011 (2)}) 10. Bd3 a6 11. e4 $146 ({RR} 11. Ne4 Nxe4 12. Bxe4 Bb7 13. Bd2 Nf6 14. Qc2 Nxe4 15. Qxe4 Qe7 16. Qg4 f5 17. Qg5 c5 18. Qxe7 Bxe7 19. Ne5 cxd4 20. exd4 Rfd8 21. Bc3 a5 22. Nd3 b4 23. axb4 Ba6 24. b5 Bxb5 25. Rfd1 Bxd3 {½-½ Nowak,J (2020)-Skaruz,J (2120) Ustrzyki Dolne op 1996 (5)}) ({RR} 11. Ne4 Nxe4 12. Bxe4 Bb7 13. Bd2 Nf6 14. Bd3 c5 15. Be2 Ne4 16. Be1 Qf6 17. Ba5 Rac8 18. Rc1 c4 19. a4 Bd5 20. Ne5 Bxe5 21. dxe5 Qxe5 22. f3 Nc5 23. e4 Nb3 24. Bc3 Qf4 25. exd5 exd5 {0-1 De Giorgi,S (2086)-Lazic,M (2470) Sant' Anna op 10th 2007 (4)}) ({RR} 11. Qc2 Bb7 12. Rd1 Qc7 13. h3 h6 14. e4 e5 15. Be3 c5 16. d5 Kh7 17. Qd2 Ng8 18. Nh4 g6 19. Bc2 Nb6 20. b3 Qe7 21. g3 Bc8 22. Kg2 g5 23. Nf5 Bxf5 24. exf5 Kh8 25. g4 Nf6 {0-1 Yanez,J (2250)-Cardenas,F Lima 1997 (4)}) 11... e5 12. Bg5 h6 13. Bh4 Re8 14. Re1 c5 15. dxc5 Nxc5 16. Nd5 g5 17. Nxf6+ Qxf6 18. Bg3 Bg4 19. Bc2 Bxf3 20. Qxf3 Qxf3 21. gxf3 Ne6 22. Kg2 Nd4 23. Bd3 Kg7 24. h4 f6 25. Rad1 Rad8 26. Bb1 Bc5 27. Ba2 Nc2 28. Rh1 Rxd1 29. Rxd1 Nd4 30. hxg5 hxg5 31. Bd5 Re7 32. Rc1 Rc7 33. f4 exf4 34. Bh2 Bd6 35. Rxc7+ Bxc7 36. f3 g4 37. Bg1 Nxf3 38. Bc5 Nh4+ 39. Kf1 g3 40. Bb7 a5 41. b4 f3 42. bxa5 g2+ 43. Kf2 Bh2 44. Ke1 Bg3+ 45. Kd2 f2 46. a6 g1=Q 47. a7 Qe1+ 48. Kc2 f1=Q 49. Bf8+ Kxf8 50. a8=Q+ Kg7 51. Bd5 Qb1+ 52. Kc3 Qfd3# 0-1